000 00955 a2200229 4500
001 53955
005 20260407155810.0
008 260407a1989 arg spa d
003 AR-UNSa-BCEJYS
040 _aAR-UNSa-BCEJYS
_bspa
_cAR-UNSa-BCEJYS
080 _a330(82)
_xEconomia Argentina
245 1 0 _aCrecimiento y restricción externa
_pEl caso argentino en los años 90
020 _a950-9109-99-1
264 1 _aBuenos Aires :
_bTesis
_c1989
300 _a111 p.
_c20 cm.
505 _aI. Los conceptos de ahorro interno y externo en una economía altamente endeudada - II. Transferencia de recursos,términos de intercambio y tipo de cambio real - III. El ajuste fical - IV. Las perspectivas de crecimiento - V. Conclusiones
041 _aspa
942 _cBK
590 _aniveau_biblio:m niveau_hierar:0
100 1 _aGuerberoff, Simón L.
856 4 1 _uhttps://biblioeco.unsa.edu.ar/pmb/images/libros/L128492.jpg
_yImagen de portada
_qimage/jpeg
999 _c5300
_d5300